Chiến dịch Bình Giã: Nét độc đáo trong nghệ thuật 'tạo thế, khơi ngòi'
সংরক্ষণ করুন:
| প্রধান লেখক: | |
|---|---|
| বিন্যাস: | গ্রন্থ |
| ভাষা: | Undetermined |
| বিষয়গুলি: | |
| অনলাইন ব্যবহার করুন: | http://lrc.tdmu.edu.vn/opac/search/detail.asp?aID=2&ID=22873 |
| ট্যাগগুলো: |
ট্যাগ যুক্ত করুন
কোনো ট্যাগ নেই, প্রথমজন হিসাবে ট্যাগ করুন!
|
| Thư viện lưu trữ: | Trung tâm Học liệu Trường Đại học Thủ Dầu Một |
|---|
| LEADER | 00736nam a2200145Ia 4500 | ||
|---|---|---|---|
| 001 | TDMU_22873 | ||
| 008 | 210410s9999 xx 000 0 und d | ||
| 082 | |a 959.704 | ||
| 100 | |a Vũ, Bình Tuyển | ||
| 245 | 0 | |a Chiến dịch Bình Giã: Nét độc đáo trong nghệ thuật 'tạo thế, khơi ngòi' | |
| 245 | 0 | |c Vũ Bình Tuyển | |
| 300 | |a 3tr | ||
| 650 | |a Chiến dịch Bình Giã; Chiến tranh đặc biệt; Chiến tranh cục bộ; Kháng chiến chống Mỹ ; Bộ đội chủ lực miền Đông Nam Bộ; Lịch sử | ||
| 856 | |u http://lrc.tdmu.edu.vn/opac/search/detail.asp?aID=2&ID=22873 | ||
| 980 | |a Trung tâm Học liệu Trường Đại học Thủ Dầu Một | ||